| 000 | 00497nam a2200157 a 4500 | ||
|---|---|---|---|
| 001 | 000039334 | ||
| 005 | 20240308073619.0 | ||
| 008 | 130624s2002 dr 000 0 spa d | ||
| 040 |
_aDO-SdBNP _bspa _cBNPHU |
||
| 100 | 1 |
_aStanley, Avelino, _d1959- _91536 |
|
| 245 | 1 | 4 |
_aLos disparos : _bcuentos / _cAvelino Stanley. |
| 250 | _a3a ed. | ||
| 260 |
_aSanto Domingo : _bCocolo Editorial, _c2002. |
||
| 300 |
_a98 p. ; _c23 cm. |
||
| 500 | _aIncluye datos biográficos del autor en la solapa de la cubierta | ||
| 999 |
_c38824 _d38824 |
||